[Event "Bad Wiessee Senioren Cup 8th"]
[Site "Bad Wiessee"]
[Date "2019.05.17"]
[Round "7"]
[White "Schmitzer, Peter"]
[Black "Weinwurm, Wolfgang"]
[Result "0-1"]
[WhiteElo "1883"]
[BlackElo "2119"]
[PlyCount "114"]
[EventDate "2019.05.11"]
[EventType "swiss"]
[EventRounds "9"]
[EventCountry "GER"]
[SourceTitle "EXT 2020"]
[Source "ChessBase"]
[SourceDate "2019.10.17"]
[SourceVersion "1"]
[SourceVersionDate "2019.10.17"]
[SourceQuality "1"]

1. e4 d6 2. f4 Nf6 3. d3 g6 4. Nf3 Bg7 5. c3 0-0 6. Be2 c5 7. 0-0 Nc6 8. Kh1 Rb8 9. a4 a6 10. Na3 b5 11. axb5 axb5 12. Qe1 b4 13. Nc4 e6 14. e5 dxe5 15. Ncxe5 Qb6 16. Nxc6 Qxc6 17. Ne5 Qc7 18. Bf3 Bb7 19. Ra7 Qb6 20. Rxb7 Rxb7 21. Bxb7 Qxb7 22. Be3 Rc8 23. Qf2 bxc3 24. bxc3 Nd5 25. Qf3 Qb3 26. c4 Ne7 27. g4 f6 28. Nd7 Qxd3 29. Nxc5 Qxc4 30. Ne4 Qb3 31. Bd4 Qxf3+ 32. Rxf3 Nd5 33. Nc3 f5 34. Nxd5 Rc1+ 35. Bg1 fxg4 36. Rd3 exd5 37. Rxd5 Rf1 38. Rd8+ Bf8 39. f5 Rxf5 40. Kg2 h5 41. Bd4 Kf7 42. Rc8 Bd6 43. Bf2 Bxh2 44. Bc5 Bf4 45. Rf8+ Ke6 46. Re8+ Kd5 47. Bf2 g5 48. Rg8 Ke4 49. Re8+ Re5 50. Rg8 Rd5 51. Re8+ Kd3 52. Rg8 Ke2 53. Re8+ Re5 54. Rg8 Be3 55. Bg3 Re4 56. Rf8 h4 57. Bf2 h3+ 0-1

[Event "Bad Wiessee Senioren Cup 8th"]
[Site "Bad Wiessee"]
[Date "2019.05.16"]
[Round "6"]
[White "Wawrinsky, Ludwig"]
[Black "Schmitzer, Peter"]
[Result "0-1"]
[WhiteElo "1676"]
[BlackElo "1883"]
[PlyCount "50"]
[EventDate "2019.05.11"]
[EventType "swiss"]
[EventRounds "9"]
[EventCountry "GER"]
[SourceTitle "EXT 2020"]
[Source "ChessBase"]
[SourceDate "2019.10.17"]
[SourceVersion "1"]
[SourceVersionDate "2019.10.17"]
[SourceQuality "1"]

1. e4 c5 2. d3 d6 3. f4 e5 4. Nf3 Nc6 5. c3 Be7 6. g3 Nf6 7. Bg2 0-0 8. f5 d5 9. Nh4 dxe4 10. dxe4 Qc7 11. Qe2 b5 12. Qxb5 a5 13. Qe2 Ba6 14. Qf3 Rad8 15. Bf1 Qb6 16. Bxa6 Qxa6 17. Be3 Rd3 18. Nd2 Nd4 19. cxd4 cxd4 20. Nf1 Bb4+ 21. Kf2 dxe3+ 22. Nxe3 Qb6 23. h3 Bc5 24. Nhg2 Qxb2+ 25. Qe2 Rd2 0-1

[Event "Bad Wiessee Senioren Cup 8th"]
[Site "Bad Wiessee"]
[Date "2019.05.14"]
[Round "4"]
[White "Schmitzer, Peter"]
[Black "Marschall, Josef"]
[Result "1-0"]
[WhiteElo "1883"]
[BlackElo "2042"]
[PlyCount "101"]
[EventDate "2019.05.11"]
[EventType "swiss"]
[EventRounds "9"]
[EventCountry "GER"]
[SourceTitle "EXT 2020"]
[Source "ChessBase"]
[SourceDate "2019.10.17"]
[SourceVersion "1"]
[SourceVersionDate "2019.10.17"]
[SourceQuality "1"]

1. e4 c5 2. f4 d6 3. Nf3 Nc6 4. c3 Nf6 5. d3 e6 6. Be2 Be7 7. 0-0 0-0 8. Kh1 b5 9. Na3 a6 10. Be3 Rb8 11. Nc2 a5 12. a3 Qc7 13. Qe1 a4 14. h3 c4 15. Ncd4 cxd3 16. Bxd3 Nxd4 17. Nxd4 Bd7 18. Rc1 Qb7 19. e5 Ne4 20. exd6 Bxd6 21. Rd1 f5 22. Bg1 Be7 23. Qe3 Bh4 24. Bxe4 fxe4 25. Bh2 Rbe8 26. g3 Bf6 27. Nc2 Be7 28. Bg1 e5 29. Kh2 exf4 30. Rxf4 Rxf4 31. Qxf4 Rf8 32. Qe5 Bf6 33. Qd6 Bf5 34. Qd5+ Qxd5 35. Rxd5 Bg6 36. Rxb5 Re8 37. Be3 h5 38. Rb4 h4 39. Rxa4 Be5 40. Bf4 Bxf4 41. gxf4 e3 42. Ne1 e2 43. f5 Bxf5 44. Rxh4 g5 45. Rh5 Kf7 46. Rxg5 Kf6 47. Rg3 Re4 48. b4 Ke5 49. Kg1 Bd7 50. Kf2 Be6 51. Re3 1-0

[Event "Bad Wiessee Senioren Cup 8th"]
[Site "Bad Wiessee"]
[Date "2019.05.13"]
[Round "3"]
[White "Schnell, Franz"]
[Black "Schmitzer, Peter"]
[Result "0-1"]
[WhiteElo "1687"]
[BlackElo "1883"]
[PlyCount "128"]
[EventDate "2019.05.11"]
[EventType "swiss"]
[EventRounds "9"]
[EventCountry "GER"]
[SourceTitle "EXT 2020"]
[Source "ChessBase"]
[SourceDate "2019.10.17"]
[SourceVersion "1"]
[SourceVersionDate "2019.10.17"]
[SourceQuality "1"]

1. d4 d6 2. Bf4 g6 3. Nc3 Bg7 4. e4 Nc6 5. Nf3 Bg4 6. Bb5 a6 7. Bxc6+ bxc6 8. Be3 Rb8 9. Rb1 c5 10. Qd2 Bxf3 11. gxf3 cxd4 12. Bxd4 e5 13. Be3 h6 14. Qd5 Ne7 15. Qa5 Qc8 16. Qa4+ Kf8 17. Qc4 Bf6 18. Qe2 Kg7 19. 0-0 c6 20. f4 g5 21. fxe5 dxe5 22. Qh5 Ng6 23. Ne2 Nh4 24. Ng3 Qe6 25. b3 Kg8 26. Nf5 Nxf5 27. exf5 Qxf5 28. Rbd1 Kg7 29. c4 Rhd8 30. Rxd8 Rxd8 31. Rd1 Rd3 32. Qe2 e4 33. Rf1 c5 34. Kh1 Bd4 35. Kg1 Qd7 36. Re1 Bxe3 37. fxe3 Rd2 38. Qf1 Qg4+ 39. Kh1 Rxa2 40. Rd1 Qh5 41. h3 Qf3+ 42. Qxf3 exf3 43. Kg1 Rg2+ 44. Kh1 Rb2 45. Rf1 f2 46. Kg2 Rxb3 47. Kxf2 Rc3 48. Ra1 Rxc4 49. Rxa6 h5 50. Kf3 f6 51. Rc6 Kg6 52. Kg3 Rc1 53. e4 Rc3+ 54. Kg2 Kf7 55. Kf2 c4 56. Ke2 Rxh3 57. Rxc4 Ke7 58. Rc5 Ra3 59. Kf2 h4 60. Kg2 g4 61. Rh5 h3+ 62. Kh2 Re3 63. Rh4 Rxe4 64. Kg3 f5 0-1

[Event "Regionalliga SW 1213"]
[Site "Bayern"]
[Date "2012.11.11"]
[Round "2.7"]
[White "Schmitzer, Peter"]
[Black "Epple, Ulrich"]
[Result "0-1"]
[WhiteElo "1919"]
[BlackElo "2019"]
[PlyCount "114"]
[EventDate "2012.10.14"]
[EventType "team-tourn"]
[EventRounds "9"]
[EventCountry "GER"]
[SourceTitle "EXT 2015"]
[Source "ChessBase"]
[SourceDate "2014.11.20"]
[SourceVersion "1"]
[SourceVersionDate "2014.11.20"]
[SourceQuality "1"]
[WhiteTeam "Muenchen RTA"]
[BlackTeam "Tuerkheim/Bad Woerishofen"]
[WhiteTeamCountry "GER"]
[BlackTeamCountry "GER"]

1. d4 Nf6 2. Bf4 g6 3. e3 Bg7 4. Nf3 0-0 5. Nbd2 d6 6. h3 Nbd7 7. Bc4 c6 8. c3 b5 9. Bb3 Nb6 10. 0-0 Bb7 11. Rc1 a5 12. a3 Rc8 13. Qe2 Nfd7 14. Rfd1 e5 15. dxe5 dxe5 16. Bg5 Qc7 17. Ne4 Nd5 18. Nd6 Qxd6 19. e4 Nc5 20. Ba2 h6 21. Bh4 Nf4 22. Qe3 Qc7 23. Rd2 Nce6 24. Rcd1 g5 25. Rd7 Qb8 26. Bg3 Rfd8 27. Bxe6 Nxe6 28. Qb6 Rxd7 29. Rxd7 Ba8 30. Qxa5 c5 31. Qa6 Rd8 32. Nxe5 Bxe5 33. Bxe5 Qxe5 34. Rxd8+ Nxd8 35. Qxa8 Qe8 36. b4 c4 37. a4 bxa4 38. b5 a3 39. b6 a2 40. f3 Qe7 41. Qxa2 Qc5+ 42. Kh1 Qxb6 43. Qxc4 Ne6 44. h4 Qe3 45. hxg5 Qxg5 46. Qc8+ Kg7 47. Kh2 Qh4+ 48. Kg1 Qg3 49. Kf1 Nf4 50. Qg4+ Qxg4 51. fxg4 Kf6 52. Kf2 Ke5 53. g3 Ne6 54. Ke3 Nc5 55. c4 Nxe4 56. g5 hxg5 57. g4 Nc5 0-1

[Event "Munich OIS op 32nd"]
[Site "Munich"]
[Date "2012.10.02"]
[Round "4"]
[White "Schmitzer, Peter"]
[Black "Eitel, Harald"]
[Result "1/2-1/2"]
[WhiteElo "2074"]
[BlackElo "2253"]
[PlyCount "109"]
[EventDate "2012.09.29"]
[EventType "swiss"]
[EventRounds "9"]
[EventCountry "GER"]
[SourceTitle "EXT 2013"]
[Source "ChessBase"]
[SourceDate "2012.11.22"]
[SourceVersion "1"]
[SourceVersionDate "2012.11.22"]
[SourceQuality "1"]

1. d4 Nf6 2. Nf3 g6 3. Bf4 Bg7 4. e3 d6 5. Be2 0-0 6. h3 c5 7. c3 Nbd7 8. Nbd2 b6 9. 0-0 Bb7 10. Re1 Rc8 11. a4 a6 12. Bf1 cxd4 13. exd4 Rc7 14. Qe2 Re8 15. Qd3 h6 16. g4 Nd5 17. Bg3 e5 18. dxe5 dxe5 19. Ne4 Qe7 20. Qe2 Nc5 21. Nxc5 Qxc5 22. Nd2 Rcc8 23. Bg2 b5 24. axb5 axb5 25. Ra5 Bc6 26. c4 Nf4 27. Bxf4 exf4 28. Qd1 Bxg2 29. Rxe8+ Rxe8 30. Kxg2 Qd4 31. Rxb5 Rd8 32. Rd5 Rxd5 33. cxd5 Qxd5+ 34. f3 Bxb2 35. Qe2 Qc5 36. Ne4 Qc1 37. Qd2 Qxd2+ 38. Nxd2 Kf8 39. Ne4 Ke7 40. Kf1 Ke6 41. Ke2 Ba3 42. Kf2 Bb4 43. Kg2 f5 44. gxf5+ Kxf5 45. Nf2 Be7 46. Ne4 Ke5 47. Kf1 Kd4 48. Ke2 h5 49. Nd2 g5 50. Nb3+ Ke5 51. Nc1 Bc5 52. Nd3+ Kd4 53. h4 Be7 54. hxg5 Bxg5 55. Nxf4 1/2-1/2

[Event "Arber op 1st"]
[Site "Bayerisch Eisenstein"]
[Date "2012.08.21"]
[Round "4"]
[White "Schmitzer, Peter"]
[Black "Moehn, Hans"]
[Result "1/2-1/2"]
[WhiteElo "1936"]
[BlackElo "2141"]
[PlyCount "140"]
[EventDate "2012.08.18"]
[EventType "swiss"]
[EventRounds "9"]
[EventCountry "GER"]
[SourceTitle "CBM 150 Extra"]
[Source "ChessBase"]
[SourceDate "2012.10.19"]
[SourceVersion "1"]
[SourceVersionDate "2012.10.19"]
[SourceQuality "1"]

1. d4 Nf6 2. Nf3 e6 3. Bf4 c5 4. e3 b6 5. Bd3 Bb7 6. Nbd2 Be7 7. c3 d6 8. 0-0 0-0 9. Qc2 Nc6 10. Ng5 h6 11. Nh7 Nxh7 12. Bxh7+ Kh8 13. dxc5 bxc5 14. Bd3 f5 15. Bg3 Qe8 16. Nc4 Rd8 17. f3 Qf7 18. Rad1 e5 19. Rfe1 g5 20. b3 Bc8 21. Rd2 f4 22. Bf2 Rg8 23. exf4 exf4 24. b4 g4 25. fxg4 Rxg4 26. Kh1 d5 27. Ne5 Nxe5 28. Rxe5 Rdg8 29. Bg1 Bf6 30. Re1 f3 31. g3 Qh5 32. Bf2 c4 33. Bf1 R4g5 34. Rd4 Rg4 35. Rxg4 Bxg4 36. Qd2 Qg5 37. Be3 Qf5 38. Bd4 Rg5 39. Kg1 Kh7 40. Bxa7 h5 41. Be3 Rg7 42. a4 h4 43. Bf4 Bh5 44. a5 hxg3 45. hxg3 Bh4 46. Kf2 Qg4 47. Ke3 Bxg3 48. Bxg3 Qxg3 49. Kd4 Rc7 50. Re5 Qg4+ 51. Ke3 Bf7 52. Qh2+ Kg7 53. Bh3 Qh4 54. Qg1+ Kh6 55. Qg4 Qe1+ 56. Kf4 Qd2+ 57. Kg3 f2 58. Rf5 Bg6 59. Qf4+ Qxf4+ 60. Rxf4 Rf7 61. Rh4+ Kg7 62. Bf1 Bd3 63. Rh1 Be4 64. Rh2 Rf3+ 65. Kg2 Kf6 66. Rh6+ Ke5 67. Rh3 Rxh3+ 68. Kxh3 Kd6 69. Kg3 Bd3 70. Kg2 Be4+ 1/2-1/2

[Event "Arber op 1st"]
[Site "Bayerisch Eisenstein"]
[Date "2012.08.20"]
[Round "3"]
[White "Miesbauer, Jan"]
[Black "Schmitzer, Peter"]
[Result "0-1"]
[WhiteElo "1896"]
[BlackElo "1936"]
[PlyCount "72"]
[EventDate "2012.08.18"]
[EventType "swiss"]
[EventRounds "9"]
[EventCountry "GER"]
[SourceTitle "CBM 150 Extra"]
[Source "ChessBase"]
[SourceDate "2012.10.19"]
[SourceVersion "1"]
[SourceVersionDate "2012.10.19"]
[SourceQuality "1"]

1. e4 e5 2. Nf3 Qe7 3. Nc3 c6 4. Bc4 h6 5. 0-0 Nf6 6. d4 d6 7. Qe2 g5 8. dxe5 dxe5 9. Be3 Qc7 10. Rfd1 Be7 11. Nd2 Ng4 12. Nf1 Nxe3 13. Nxe3 0-0 14. Qh5 Kg7 15. Nf5+ Bxf5 16. exf5 Nd7 17. Ne4 Nf6 18. Nxf6 Bxf6 19. Rd3 Rad8 20. Rad1 Rxd3 21. Rxd3 b5 22. Bb3 c5 23. Rh3 Rh8 24. c3 c4 25. Bc2 Qd7 26. Qe2 Rd8 27. Re3 Qd2 28. g3 Qc1+ 29. Kg2 Rd2 30. Qf3 Rxc2 31. g4 Rxb2 32. Qg3 Rb1 33. Kf3 Qh1+ 34. Qg2 Qxg2+ 35. Kxg2 Rb2 36. a4 a6 0-1

[Event "Arber op 1st"]
[Site "Bayerisch Eisenstein"]
[Date "2012.08.19"]
[Round "2"]
[White "Schmitzer, Peter"]
[Black "Zenker, Ulrich"]
[Result "0-1"]
[WhiteElo "1936"]
[BlackElo "2166"]
[PlyCount "120"]
[EventDate "2012.08.18"]
[EventType "swiss"]
[EventRounds "9"]
[EventCountry "GER"]
[SourceTitle "CBM 150 Extra"]
[Source "ChessBase"]
[SourceDate "2012.10.19"]
[SourceVersion "1"]
[SourceVersionDate "2012.10.19"]
[SourceQuality "1"]

1. d4 d5 2. Nf3 e6 3. Bf4 Bd6 4. Bg5 Ne7 5. e3 c5 6. c3 Nbc6 7. Nbd2 0-0 8. Bd3 f6 9. Bh4 e5 10. dxe5 fxe5 11. Bxh7+ Kxh7 12. Ng5+ Kg8 13. Qh5 Bf5 14. e4 Bg6 15. Qe2 Qd7 16. exd5 Nd8 17. 0-0 Nf5 18. Qg4 Qe7 19. Bg3 Nh6 20. Qh4 Ndf7 21. Ne6 Qxh4 22. Bxh4 Rfe8 23. Rfe1 Bf5 24. Ng5 Nxg5 25. Bxg5 Nf7 26. Bh4 g5 27. Bg3 e4 28. Nc4 Bxg3 29. hxg3 Rad8 30. Ne3 Bg6 31. g4 Ne5 32. c4 Kf7 33. Kh2 Nd3 34. Rf1 Ke7 35. Kg3 Kd6 36. Rh1 Rh8 37. b3 Rde8 38. Raf1 Nf4 39. f3 exf3 40. Kxf3 Be4+ 41. Kf2 Ref8 42. Nf5+ Ke5 43. Rxh8 Rxh8 44. Ng3 Rf8 45. Kg1 Bg6 46. Re1+ Kd6 47. Ne4+ Bxe4 48. Rxe4 Rf6 49. Re8 a6 50. g3 Ng6 51. Rb8 Kc7 52. Rg8 b5 53. Kg2 bxc4 54. bxc4 Kd6 55. a4 Ke5 56. a5 Kd4 57. Rb8 Kxc4 58. Rb6 Rxb6 59. axb6 Ne5 60. d6 Kd5 0-1

[Event "Bad Woerishofen op 28th"]
[Site "Bad Woerishofen"]
[Date "2012.03.10"]
[Round "9"]
[White "Sakowski, Christian"]
[Black "Schmitzer, Peter"]
[Result "0-1"]
[WhiteElo "1966"]
[BlackElo "2101"]
[PlyCount "72"]
[EventDate "2012.03.02"]
[EventType "swiss"]
[EventRounds "9"]
[EventCountry "GER"]
[SourceTitle "EXT 2019"]
[Source "ChessBase"]
[SourceDate "2018.10.10"]
[SourceVersion "1"]
[SourceVersionDate "2018.10.10"]
[SourceQuality "1"]

1. c4 Nf6 2. Nc3 e5 3. g3 c6 4. Bg2 d6 5. e4 Be7 6. Nge2 c5 7. d3 h6 8. h3 Nc6 9. 0-0 Nd4 10. Nxd4 cxd4 11. Nd5 Nxd5 12. cxd5 0-0 13. Qb3 f5 14. f3 fxe4 15. fxe4 Rxf1+ 16. Bxf1 Bg5 17. Qd1 Bd7 18. Kh2 Rc8 19. Bd2 Bxd2 20. Qxd2 Qc7 21. Re1 Qc2 22. Qxc2 Rxc2+ 23. Re2 Rc1 24. Rf2 Bb5 25. Kg2 Rd1 26. Rf3 a5 27. g4 Ra1 28. a3 Rd1 29. Kg3 Ba4 30. Rf2 Bb3 31. Be2 Rb1 32. Bf1 Rc1 33. Kg2 Bd1 34. Kg3 b5 35. Kg2 b4 36. axb4 axb4 0-1

[Event "Bad Woerishofen op 28th"]
[Site "Bad Woerishofen"]
[Date "2012.03.05"]
[Round "4"]
[White "Schmitzer, Peter"]
[Black "Klein, Gereon"]
[Result "1/2-1/2"]
[WhiteElo "2101"]
[BlackElo "1982"]
[PlyCount "60"]
[EventDate "2012.03.02"]
[EventType "swiss"]
[EventRounds "9"]
[EventCountry "GER"]
[SourceTitle "EXT 2019"]
[Source "ChessBase"]
[SourceDate "2018.10.10"]
[SourceVersion "1"]
[SourceVersionDate "2018.10.10"]
[SourceQuality "1"]

1. d4 Nf6 2. Nf3 c5 3. d5 e6 4. c4 exd5 5. cxd5 d6 6. Nc3 g6 7. e4 Bg7 8. Be2 0-0 9. 0-0 Re8 10. Qc2 Na6 11. a3 Nc7 12. h3 Rb8 13. Bg5 h6 14. Be3 b5 15. b4 Nxe4 16. Nxe4 Bf5 17. Nfd2 Qe7 18. f3 Nxd5 19. Bf2 Nf4 20. Rae1 Nxe2+ 21. Rxe2 cxb4 22. axb4 d5 23. g4 dxe4 24. Bc5 exf3 25. Rxe7 Bxc2 26. Rxa7 Ra8 27. Rxa8 Rxa8 28. Rxf3 Rd8 29. Nf1 Bd4+ 30. Ne3 Bxe3+ 1/2-1/2

[Event "Bad Woerishofen op 28th"]
[Site "Bad Woerishofen"]
[Date "2012.03.03"]
[Round "2"]
[White "Schmitzer, Peter"]
[Black "Donchenko, Anatoly G"]
[Result "0-1"]
[WhiteElo "2101"]
[BlackElo "2376"]
[PlyCount "47"]
[EventDate "2012.03.02"]
[EventType "swiss"]
[EventRounds "9"]
[EventCountry "GER"]
[SourceTitle "EXT 2019"]
[Source "ChessBase"]
[SourceDate "2018.10.10"]
[SourceVersion "1"]
[SourceVersionDate "2018.10.10"]
[SourceQuality "1"]

1. d4 Nf6 2. Nf3 e6 3. c3 c5 4. e3 b6 5. Bd3 Bb7 6. Nbd2 d5 7. 0-0 Nbd7 8. Ne5 Be7 9. f4 0-0 10. Qf3 g6 11. Qh3 Ne8 12. Ndf3 f5 13. Nxd7 Qxd7 14. Ne5 Qc8 15. Bd2 Nd6 16. Rf3 Bf6 17. Raf1 a5 18. Be1 Ba6 19. Bxa6 Rxa6 20. Kh1 Ne4 21. b4 Bxe5 22. fxe5 Ng5 23. Qg3 Nxf3 24. Rxf3 0-1

[Event "Bad Woerishofen op 28th"]
[Site "Bad Woerishofen"]
[Date "2012.03.02"]
[Round "1"]
[White "Ries, Heinz Gerd"]
[Black "Schmitzer, Peter"]
[Result "0-1"]
[WhiteElo "1763"]
[BlackElo "2101"]
[PlyCount "44"]
[EventDate "2012.03.02"]
[EventType "swiss"]
[EventRounds "9"]
[EventCountry "GER"]
[SourceTitle "EXT 2019"]
[Source "ChessBase"]
[SourceDate "2018.10.10"]
[SourceVersion "1"]
[SourceVersionDate "2018.10.10"]
[SourceQuality "1"]

1. d4 Nf6 2. Nf3 e6 3. c4 b6 4. Nc3 Bb7 5. e3 Be7 6. Be2 0-0 7. 0-0 d5 8. cxd5 exd5 9. Ne5 Nbd7 10. Nxd7 Qxd7 11. a4 a6 12. Bd2 Bd6 13. h3 Rad8 14. Qb3 Ne4 15. Nxe4 dxe4 16. Rfd1 Qe7 17. Rac1 Bc8 18. Bg4 Bxg4 19. hxg4 Qh4 20. g3 Bxg3 21. fxg3 Qxg3+ 22. Kf1 Qf3+ 0-1

[Event "Munich op"]
[Site "Munich"]
[Date "2010.09.29"]
[Round "5"]
[White "De Francesco, Klaus"]
[Black "Schmitzer, Peter"]
[Result "1/2-1/2"]
[WhiteElo "2290"]
[BlackElo "2079"]
[PlyCount "93"]
[EventDate "2010.09.25"]
[EventType "swiss"]
[EventRounds "9"]
[EventCountry "GER"]
[SourceTitle "CBM 138 Extra"]
[Source "ChessBase"]
[SourceDate "2010.10.29"]
[SourceVersion "1"]
[SourceVersionDate "2010.10.29"]
[SourceQuality "1"]

1. d4 Nf6 2. c4 e5 3. dxe5 Ng4 4. Bf4 Nc6 5. Nf3 Bb4+ 6. Nbd2 Qe7 7. e3 Ngxe5 8. Nxe5 Nxe5 9. Be2 d6 10. a3 Bxd2+ 11. Qxd2 0-0 12. Rc1 Ng6 13. Bg3 Be6 14. 0-0 b6 15. b4 a5 16. c5 dxc5 17. bxc5 Rfd8 18. Qc3 Rd5 19. c6 Rc5 20. Qb3 Rxc1 21. Rxc1 Rd8 22. Rd1 f6 23. h3 Ne5 24. Rxd8+ Qxd8 25. f4 Nf7 26. Bc4 Bxc4 27. Qxc4 Kf8 28. e4 Qe7 29. e5 Qxa3 30. Qe6 Qe7 31. Qc8+ Qd8 32. Qf5 g6 33. Qe6 f5 34. Qc4 Qe7 35. Bf2 Qd8 36. Bxb6 cxb6 37. c7 Qc8 38. Qc6 a4 39. e6 Ke7 40. exf7 Kxf7 41. Qxb6 Ke7 42. Qb4+ Kd7 43. Qxa4+ Kxc7 44. Qc4+ Kb8 45. Qb5+ Qb7 46. Qe5+ Qc7 47. Qb5+ 1/2-1/2

[Event "Bad Woerishofen op 26th"]
[Site "Bad Woerishofen"]
[Date "2010.03.13"]
[Round "8"]
[White "Grafe, Wilhelm"]
[Black "Schmitzer, Peter"]
[Result "1/2-1/2"]
[WhiteElo "2193"]
[BlackElo "2069"]
[PlyCount "49"]
[EventDate "2010.03.06"]
[EventType "swiss"]
[EventRounds "9"]
[EventCountry "GER"]
[SourceTitle "CBM 135 Extra"]
[Source "ChessBase"]
[SourceDate "2010.05.04"]
[SourceVersion "1"]
[SourceVersionDate "2010.05.04"]
[SourceQuality "1"]

1. Nf3 d5 2. d4 Nf6 3. g3 Bg4 4. Bg2 e6 5. 0-0 Bd6 6. c4 c6 7. b3 Qe7 8. Bb2 0-0 9. a3 Nbd7 10. h3 Bh5 11. Nbd2 Ne4 12. g4 Bg6 13. Ne5 Nxe5 14. dxe5 Bc5 15. Nxe4 dxe4 16. e3 Rad8 17. Qc2 Rd3 18. b4 Bb6 19. c5 Bc7 20. Qc4 Qh4 21. Bxe4 Qxh3 22. Bxd3 Bxd3 23. Qxd3 Qxg4+ 24. Kh2 Qh4+ 25. Kg2 1/2-1/2

[Event "Bad Woerishofen op 26th"]
[Site "Bad Woerishofen"]
[Date "2010.03.12"]
[Round "7"]
[White "Makryniotis, Konstantinos"]
[Black "Schmitzer, Peter"]
[Result "0-1"]
[WhiteElo "1912"]
[BlackElo "2069"]
[PlyCount "79"]
[EventDate "2010.03.06"]
[EventType "swiss"]
[EventRounds "9"]
[EventCountry "GER"]
[SourceTitle "CBM 135 Extra"]
[Source "ChessBase"]
[SourceDate "2010.05.04"]
[SourceVersion "1"]
[SourceVersionDate "2010.05.04"]
[SourceQuality "1"]

1. d4 Nf6 2. c4 e5 3. dxe5 Ng4 4. e3 Nxe5 5. Nc3 Bb4 6. Bd2 0-0 7. a3 Be7 8. f4 Ng6 9. Nf3 Re8 10. Qc2 Bc5 11. Ne4 Qe7 12. Nxc5 Qxc5 13. 0-0-0 d6 14. Bd3 a5 15. Rde1 Nc6 16. h3 Bd7 17. Ng5 Nb4 18. axb4 axb4 19. Qb3 Ra1+ 20. Bb1 h6 21. Bxb4 Qa7 22. Nf3 c5 23. Ba3 d5 24. Kd2 Ba4 25. Qc3 Rxb1 26. Rxb1 d4 27. exd4 cxd4 28. Qxd4 Qa5+ 29. Qc3 Rd8+ 30. Ke1 Qf5 31. Kf2 Nxf4 32. Rbe1 Nd3+ 33. Kf1 Nxe1 34. Kxe1 Rd1+ 35. Kf2 Rxh1 36. b3 Bc6 37. Bb2 f6 38. b4 Bxf3 39. Qxf3 Qxf3+ 40. Kxf3 0-1

[Event "Munich OIS op 29th"]
[Site "Munich"]
[Date "2009.10.06"]
[Round "4"]
[White "Schmitzer, Peter"]
[Black "Hoeffer, David"]
[Result "0-1"]
[WhiteElo "2099"]
[BlackElo "2256"]
[PlyCount "100"]
[EventDate "2009.10.03"]
[EventType "swiss"]
[EventRounds "9"]
[EventCountry "GER"]
[SourceTitle "EXT 2010"]
[Source "ChessBase"]
[SourceDate "2010.11.25"]
[SourceVersion "1"]
[SourceVersionDate "2010.11.25"]
[SourceQuality "1"]

1. d4 Nf6 2. Bf4 d6 3. e3 g6 4. Be2 Bg7 5. Nf3 0-0 6. c3 Nbd7 7. Nbd2 c5 8. 0-0 a6 9. a4 b6 10. Qc2 Qc7 11. Rac1 Bb7 12. h3 Qc6 13. b4 b5 14. axb5 axb5 15. bxc5 dxc5 16. Qb2 c4 17. Rb1 Ba6 18. Ne5 Nxe5 19. Bxe5 Nd5 20. e4 Nb6 21. Bxg7 Kxg7 22. Bf3 e5 23. Rfc1 Na4 24. Qb4 Rfd8 25. d5 Qc5 26. Nf1 Qxb4 27. Rxb4 Nc5 28. Ra1 f5 29. Nd2 Nd3 30. Rbb1 b4 31. cxb4 c3 32. Nb3 c2 33. Rf1 Bc4 34. Be2 fxe4 35. Bxd3 exd3 36. Nd2 Bxd5 37. f3 Rxa1 38. Rxa1 Ra8 39. Rc1 Kf6 40. Kf2 Ke6 41. Ke3 Ra3 42. h4 Kd6 43. Ne4+ Bxe4 44. fxe4 Kc6 45. Rf1 Kb5 46. Kd2 Kxb4 47. Rf7 Rc3 48. Rb7+ Ka5 49. Ra7+ Kb6 50. Ra1 c1R 0-1

[Event "Bad Woerishofen op 25th"]
[Site "Bad Woerishofen"]
[Date "2009.03.08"]
[Round "4"]
[White "Lieb, Harald"]
[Black "Schmitzer, Peter"]
[Result "1-0"]
[WhiteElo "2247"]
[BlackElo "2090"]
[PlyCount "77"]
[EventDate "2009.03.05"]
[EventType "swiss"]
[EventRounds "9"]
[EventCountry "GER"]
[SourceTitle "CBM 129 Extra"]
[Source "ChessBase"]
[SourceDate "2009.05.05"]
[SourceVersion "2"]
[SourceVersionDate "2009.05.20"]
[SourceQuality "1"]

1. d4 Nf6 2. c4 e5 3. dxe5 Ng4 4. Nf3 Nc6 5. Bf4 Bb4+ 6. Nbd2 Qe7 7. a3 Ngxe5 8. Nxe5 Nxe5 9. e3 Bxd2+ 10. Qxd2 0-0 11. Be2 d6 12. 0-0 Be6 13. Rac1 f6 14. Bg3 Qf7 15. Qc3 Rfe8 16. f4 Bg4 17. fxe5 Bxe2 18. Rf2 Bg4 19. exf6 g6 20. c5 dxc5 21. Bxc7 b6 22. Bd6 Rad8 23. Be7 Rd7 24. h3 Bf5 25. Qe5 Rd5 26. Qf4 Be6 27. e4 Rd4 28. Qe3 Rd7 29. Rd2 Rxd2 30. Qxd2 c4 31. Qd6 g5 32. Qc7 Qg6 33. Qc6 Bf7 34. Qb7 h5 35. Re1 g4 36. Qd7 Qg5 37. e5 gxh3 38. Qxh3 Bg6 39. f7+ 1-0

[Event "Munich OIS op"]
[Site "Munich"]
[Date "2008.10.12"]
[Round "2"]
[White "Pitschka, Claus"]
[Black "Schmitzer, Peter"]
[Result "1-0"]
[WhiteElo "2301"]
[BlackElo "2089"]
[PlyCount "63"]
[EventDate "2008.10.11"]
[EventType "swiss"]
[EventRounds "9"]
[EventCountry "GER"]
[SourceTitle "CBM 126 Extra"]
[Source "ChessBase"]
[SourceDate "2008.11.05"]
[SourceVersion "1"]
[SourceVersionDate "2008.11.05"]
[SourceQuality "1"]

1. e4 c5 2. c3 d6 3. d4 cxd4 4. cxd4 Nf6 5. Nc3 g6 6. Nf3 Bg7 7. h3 0-0 8. Be3 Nc6 9. d5 Ne5 10. Nxe5 dxe5 11. Be2 Ne8 12. 0-0 Nd6 13. f3 f5 14. Qb3 f4 15. Bf2 g5 16. Nb5 a6 17. Nxd6 exd6 18. Rfc1 Rf6 19. Bb6 Qe8 20. Rc7 Bf8 21. Rac1 Be7 22. Qb4 h5 23. Bd1 Bd8 24. Ba4 Qf8 25. R7c2 g4 26. Bf2 Rg6 27. Rxc8 Rxc8 28. Rxc8 gxf3 29. Qxb7 Rxg2+ 30. Kf1 Rxf2+ 31. Kxf2 Qf6 32. Qd7 1-0

[Event "Bad Woerishofen op 24th"]
[Site "Bad Woerishofen"]
[Date "2008.03.07"]
[Round "9"]
[White "Schmitzer, Peter"]
[Black "Rolle, Eric"]
[Result "0-1"]
[WhiteElo "2115"]
[BlackElo "2213"]
[PlyCount "66"]
[EventDate "2008.02.28"]
[EventType "swiss"]
[EventRounds "9"]
[EventCountry "GER"]
[SourceTitle "CBM 123 Extra"]
[Source "ChessBase"]
[SourceDate "2008.05.06"]
[SourceVersion "1"]
[SourceVersionDate "2008.05.06"]
[SourceQuality "1"]

1. d4 e6 2. Nf3 c5 3. e4 cxd4 4. Nxd4 Nf6 5. Bd3 Qb6 6. Nb3 Nc6 7. Be3 Qc7 8. N1d2 d5 9. 0-0 Bd6 10. h4 0-0 11. c3 Ne5 12. Bc2 dxe4 13. Nxe4 Nxe4 14. Bxe4 f5 15. Bc2 Nc4 16. Bc1 Bd7 17. Qe2 Rae8 18. Rd1 e5 19. Bd3 Nb6 20. Nd2 e4 21. Bb5 Bxb5 22. Qxb5 f4 23. Nf1 Re5 24. Qb3+ Kh8 25. a4 e3 26. fxe3 f3 27. e4 Rxe4 28. gxf3 Bc5+ 29. Kg2 Re2+ 30. Kh1 Rxf3 31. Bf4 Rxf1+ 32. Rxf1 Qc6+ 33. Rf3 Qxf3# 0-1